Stone Soup (Registro nro. 48119)
[ vista simple ]
| 000 -LÍDER | |
|---|---|
| Campo fijo de descripción fija | 00818aam a2200241 i 4500 |
| 001 - NÚMERO DE CONTROL | |
| Campo de control | BINCO |
| 003 - IDENTIFICADOR DEL NÚMERO DE CONTROL | |
| Campo de control | CO-MdBIC |
| 005 - FECHA Y HORA DE LA ULTIMA TRANSACCIÓN | |
| control field | 20220422174610.0 |
| 008 - ELEMENTOS DE LONGITUD FIJA -- INFORMACIÓN GENERAL | |
| Campo fijo de descripción fija -- Información general | 220215t1986 -usa|||c |||| 00| 0 eng d |
| 020 ## - NÚMERO INTERNACIONAL NORMALIZADO PARA LIBROS | |
| Número Internacional Normalizado del libro | No incluye ISBN |
| 040 ## - FUENTE DE CATALOGACIÓN | |
| Agencia de catalogación original | CO-MdBIC |
| Idioma de catalogación | spa |
| Agencia que realiza la transcripción | CO-MdBIC |
| Agencia que realiza la modificación | CO-MdBIC |
| 041 ## - CÓDIGO DE IDIOMA | |
| Código de idioma para texto/pista de sonido o título separado | eng |
| 082 04 - NÚMERO DE CLASIFICACIÓN DECIMAL DEWEY | |
| Número de clasificación | 813C |
| Número de la edición del Dewey | 22 |
| Clave de autor-Numero de item | Sa67s |
| 100 1# - ASIENTO PRINCIPAL--NOMBRE PERSONAL | |
| Nombre personal | Sapienza, Marilyn J. |
| 245 #0 - TÍTULO | |
| Título del Material | Stone Soup |
| Mención de responsabilidad, etc. | /Marilyn Sapienza ; Hans Wilhelm ilustrador |
| 260 #1 - PUBLICACIÓN, DISTRIBUCIÓN, ETC. (PIE DE IMPRENTA) | |
| Lugar de publicación, distribución, etc. | Ohio, New York : |
| Nombre del editor, distribuidor, etc. | Newfield Publications, |
| Fecha de publicación, distribución, etc. | [1986] |
| 264 #4 - PRODUCCIÓN, PUBLICACIÓN, DISTRIBUCIÓN, MANUFACTURA, Y COPYRIGHT | |
| Fecha de producción, publicación, distribución, manufactura, o copyright | © 1986 |
| 300 ## - DESCRIPCIÓN FÍSICA | |
| Extensión | 34 páginas ; |
| Otros detalles físicos | ilustraciones a color y blanco y negro : |
| Dimensiones | 23 cm. |
| 500 ## - NOTA GENERAL | |
| Nota General | Two hungry travelers use a stone as a soup starter and demonstrate the benefits of sharing. Includes a recipe for soup. |
| 650 #7 - ASIENTO SECUNDARIO DE MATERIA - TERMINO TEMÁTICO | |
| 9 (RLIN) | 106 |
| Término temático o nombre geográfico como elemento de entrada | Amistad |
| 700 ## - ASIENTO SECUNDARIO - NOMBRE PERSONAL | |
| Nombre personal | Wilhelm, Hans. |
| Responsabilidad | ilustrador |
| 942 ## - TIPO DE MATERIAL (KOHA) | |
| Tipo de Item KOHA | Z- Libro General BINCO |
| Estado de Material | Estado de Perdido | Forma de Clasificación | Estado de Dañado | No para Préstamo | Colección | Tomo | Biblioteca de Origen | Biblioteca Permanente | Ubicación en Estantería | Fecha de Adquisición | Área | Total de Préstamos | Signatura Topográfica | Código de Barras | Última vez visto | Ejemplar/Existencia | Fecha de Remplazo | Tipo de Material |
|---|---|---|---|---|---|---|---|---|---|---|---|---|---|---|---|---|---|---|
| Dewey Decimal Classification | Colección Junior | Biblioteca Infantil Comunitaria BINCO | Biblioteca Infantil Comunitaria BINCO | Inglés | 02/05/2006 | BINCO | 813C Sa67s | B30537 | 24/11/2016 | 1 | 26/01/2016 | Z- Libro General BINCO |
